[Event "DEN-ch sf7"]
[Site "Svendborg"]
[Date "2024.03.29"]
[Round "3"]
[White "Ramsdal, Mikkel"]
[Black "Watson, Colin"]
[Result "1/2-1/2"]
[WhiteElo "1882"]
[BlackElo "1938"]
[PlyCount "53"]
[EventDate "2024.03.29"]
[EventType "swiss"]
[EventRounds "7"]
[EventCountry "DEN"]
[SourceTitle "CBM 219 Extra"]
[Source "ChessBase"]
[SourceDate "2024.05.31"]
[SourceVersion "1"]
[SourceVersionDate "2024.05.31"]
[SourceQuality "1"]

1. d4 Nf6 2. c4 e6 3. Nf3 d5 4. g3 Bb4+ 5. Bd2 Be7 6. Bg2 0-0 7. 0-0 b6 8. cxd5 exd5 9. Nc3 Bb7 10. Rc1 Nbd7 11. Bf4 c6 12. Qd3 Nh5 13. Bd2 Bd6 14. e4 dxe4 15. Nxe4 Be7 16. Rfd1 Nhf6 17. Nxf6+ Bxf6 18. Bf4 Re8 19. Qb3 Qe7 20. Re1 Qf8 21. Ne5 Bxe5 22. Bxe5 Kh8 23. Bh3 Nxe5 24. dxe5 c5 25. Bg2 Bxg2 26. Kxg2 Rad8 27. Rc3 1/2-1/2